Fr. Conceicao Rodrigues College of Engineering

Six Sigma (Record no. 18955)

MARC details
000 -LEADER
fixed length control field 00308nam a2200145Ia 4500
082 ## - DEWEY DECIMAL CLASSIFICATION NUMBER
Classification number 658.406
Item number HAR/SCH
100 ## - MAIN ENTRY--PERSONAL NAME
Personal name Harry Mikel/ Schroeder/ Richard
245 ## - TITLE STATEMENT
Title Six Sigma
260 ## - PUBLICATION, DISTRIBUTION, ETC.
Name of publisher, distributor, etc. Currency
Place of publication, distribution, etc. NONE
Date of publication, distribution, etc. 2000
300 ## - PHYSICAL DESCRIPTION
Extent 289
546 ## - LANGUAGE NOTE
Language note ENGLISH
654 ## - SUBJECT ADDED ENTRY--FACETED TOPICAL TERMS
Focus term six sigma
942 ## - ADDED ENTRY ELEMENTS (KOHA)
Koha item type Reference Book
Holdings
Withdrawn status Lost status Damaged status Not for loan Collection Home library Current library Date acquired Total Checkouts Full call number Barcode Date last seen Price effective from Koha item type
        CRC Fr. Agnel's C.Rodrigues College of Engineering Fr. Agnel's C.Rodrigues College of Engineering 17/03/2023   658.406 HAR/SCH 11866 16/01/2024 17/03/2023 Reference Book